LEADER 00799naa a2200145 i 4500 001 000000302227 003 CaOOAMICUS 005 20180831172737.0 008 180831n xx u000 u und u 013 $a9962 040 $aSeMil$bita 100 1 $aBerzosa Martínez, Cecilio Raúl .$0(OLS)http://semarc/name/17430 245 10$aPresencia y misión del laico en la Iglesia y en el mundo a la luz os :$bAldecoa, 1987. (Teología del Sacerdocio ; 20). 773 0 $aAntón, Angel $tVocación y misión del laico en la Iglesia y en el mundo.$dBurgos : Aldecoa, 1987.$kTeología del sacerdocio$z84-7009-261-8$w()35977 996 $6245$aPresencia y misión del laico en la Iglesia y en el mundo a la luz os :$bAldecoa, 1987. (Teología del Sacerdocio ; 20).$9(OLS)http://semarc/title/378211 LEADER 00883nam a2200241 i 4500 001 000000184726 003 CaOOAMICUS 005 20150924000000.0 008 150924s1960 it u000 u ita u 013 $a162708 040 $aSeMil$bita 100 1 $aVigoni, Ignazio.$0(OLS)http://semarc/name/56986 245 10$aBreve storia di Menaggio e dintorni /$cIgnazio Vigoni. 260 $aComo :$bNoseda,$c1960. 300 $a57 p., [32] p. di tav. ;$c25 cm. 500 $aFondo card. Giovanni Colombo. 650 4$aMenaggio.$0(OLS)http://semarc/subject/10762 850 $aSeMil 852 $aSeMil$W1$xVenegono$y1$m3GC V 286$j135418$B135418$CSeMilBibl$Z2$F206172 $8B 941 1 $a3 961 $aLascito: Colombo Card. Giovanni 996 $6245$aBreve storia di Menaggio e dintorni$9(OLS)http://semarc/title/265245 996 $6260$aComo :$bNoseda$9(OLS)http://semarc/publisher/40275